Score 0/24 Timer 01:00
0 Plays Today
Beasts' Titles Name of Beasts % Correct
????
100%
????
94.1%
????
88.2%
????
82.4%
????
70.6%
????
64.7%
????
52.9%
????
52.9%
????
47.1%
????
47.1%
????
47.1%
????
47.1%
Beasts' Titles Name of Beasts % Correct
????
41.2%
????
35.3%
????
29.4%
????
29.4%
????
29.4%
????
29.4%
????
29.4%
????
23.5%
????
11.8%
????
0%
????
0%
????
0%

You're not logged in!

Compare scores with friends on all Sporcle quizzes.
OR
Log In

Sporcle TV

Today on Sporcle TV


Watch our educational content, quiz creation guides, and fun videos on Sporcle TV.

Show Comments

Extras

Created Oct 17, 2013ReportNominate
Tags:appearance, beast, Quest

Top Quizzes Today


Score Distribution

Paid Content

Your Account Isn't Verified!

In order to create a playlist on Sporcle, you need to verify the email address you used during registration. Go to your Sporcle Settings to finish the process.

Report this User

Report this user for behavior that violates our Community Guidelines.

Details: